| 000 | 00683nam a2200217Ia 4500 | ||
|---|---|---|---|
| 003 | GCL | ||
| 008 | 140319s9999 xx 000 0 ara d | ||
| 040 |
_aGCL / _cGCL |
||
| 082 | 0 | 4 |
_a792.015 _bا م |
| 100 | 1 | _aاحمد العشرى | |
| 245 | 1 | 0 |
_aمقدمة فى نظرية المسرح السياسى / _cاحمد العشرى |
| 260 |
_a[S.N] : _bالهيئة المصرية العامة للكتاب ، _c1989 |
||
| 300 | _a166 ص | ||
| 490 | _a | ||
| 650 | 0 | 4 | _aالمسرح |
| 650 | 0 | 4 | _aالفنون المسرحية |
| 650 | 0 | 4 | _aالجوانب السياسية |
| 650 | 0 | 4 | _aالمسرحيات السياسية |
| 650 | 0 | 4 | _aتاريخ ونقد |
| 942 |
_2ddc _cBK |
||
| 999 |
_c30178 _d30178 |
||